New living in old houses /

Saved in:
Bibliographic Details
Other Authors: Werner, Frank, 1944-
Format: Book
Language:English
Published: New York : H.N. Abrams, 1982.
Subjects:
LEADER 01076cam a2200289 a 4500
001 c000149451
003 CARM
005 19980930000000.0
008 810406s1982 nyua 001 0 eng
010 |a 81003487 //r98 
019 1 |a 1981955  |5 LACONCORD2021 
020 |a 0810913666 
035 |a (OCoLC)7460598  |5 LACONCORD2021 
040 |a LC  |b eng  |c LC  |d ABN-SNR 
041 1 |a engger 
050 0 0 |a NA7125  |b .N47 1982 
082 0 0 |a 728.3/028/8  |2 19 
245 0 0 |a New living in old houses /  |c [edited by] Frank Werner ; translated from the German by Russell M. Stockman. 
260 |a New York :  |b H.N. Abrams,  |c 1982. 
300 |a 159 p. :  |b ill. (some col.) ;  |c 29 cm. 
500 |a Includes index. 
650 0 |a Architecture, Domestic  |x Conservation and restoration. 
650 0 |a Dwellings  |x Remodeling. 
700 1 |a Werner, Frank,  |d 1944- 
852 8 |b CARM  |h A2:AG35D3  |i E00198  |p 0043830  |f BK 
999 f f |i 9f92b2a6-4e16-584e-b419-a2e21e8a1ae6  |s ba2ba4d6-2ff4-5c9d-af3f-0872797b4219 
952 f f |p Can circulate  |a CAVAL  |b CAVAL  |c CAVAL  |d CARM 1 Store  |e E00198  |f A2:AG35D3  |h Other scheme  |i book  |m 0043830